| 000 | 00687nac a22001931u 4500 | ||
|---|---|---|---|
| 020 | _a1590590147 | ||
| 082 |
_a006.696 _bD785 |
||
| 090 |
_c732 _d732 |
||
| 100 | _aDrol, William. | ||
| 245 |
_aObject-oriented macromedia flash MX / _cWilliam Drol. |
||
| 260 |
_aNew York : _bApress, _cc2002. |
||
| 300 |
_axvii, 482 p. : _bill. ; _c24 cm. |
||
| 440 | _aProfessional design series | ||
| 500 | _aIncludes index. | ||
| 650 | _aFlash (Computer file) | ||
| 650 | _aObject-oriented programming (Computer science) | ||
| 942 |
_cBB _k006.696D785 |
||
| 999 |
_c732 _d732 |
||